000 00465nam a2200169 i 4500
001 149927
003 ES-MaACL
005 20230906203319.0
007 t|
008 071025s1967 sp ||||1| spa d
100 1 _aVander, Adrianus.
_9113059
245 1 0 _aDiagnóstico por el iris... /
_cA. Vander.
260 _aBarcelona :
_bSintes,
_c1967.
300 _a160 p., 22 lám. ;
_c19 cm.
650 0 4 _aIridología.
_913899
852 _aES-MaACL
_jC-32190
_bR.62975
999 _c149927
_d149927